Compulsory purchase and compensation : a practical guide to the law. (Record no. 85728)

MARC details
000 -LEADER
fixed length control field 00501cam a2200193 4500
001 - CONTROL NUMBER
control field D12221
008 - FIXED-LENGTH DATA ELEMENTS--GENERAL INFORMATION
fixed length control field 090401t1964 xxu||||| |||| 00| 0 eng d
035 ## - SYSTEM CONTROL NUMBER
System control number (Sirsi) u2078
041 ## - LANGUAGE CODE
Language code of text/sound track or separate title eng
100 ## - MAIN ENTRY--PERSONAL NAME
Personal name Boynton, John K
245 ## - TITLE STATEMENT
Title Compulsory purchase and compensation : a practical guide to the law.
260 ## - PUBLICATION, DISTRIBUTION, ETC.
Place of publication, distribution, etc. London
Name of publisher, distributor, etc. Oyez Publications
Date of publication, distribution, etc. 1964
300 ## - PHYSICAL DESCRIPTION
Extent 131p. ; 22cm.
350 ## - PRICE (NR) (BK AM CF MU VM SE) [OBSOLETE]
Price 0
490 ## - SERIES STATEMENT
Series statement Oyez Practice Notes
Volume/sequential designation 53
520 ## - SUMMARY, ETC.
Summary, etc. Shelf 300
942 ## - ADDED ENTRY ELEMENTS (KOHA)
Suppress in OPAC 0
948 ## - LOCAL PROCESSING INFORMATION (OCLC); SERIES PART DESIGNATOR (RLIN)
c (OCLC) 04/03/1997
Holdings
Withdrawn status Lost status Source of classification or shelving scheme Damaged status Not for loan Home library Current library Shelving location Date acquired Total Checkouts Full call number Barcode Date last seen Copy number Price effective from Koha item type
    Dewey Decimal Classification     London London Basement 14/09/1999   SHELF 300 30014336 06/08/2019 1 06/08/2019 Reference material